| 000 | 01139cab a2200277 4500 | ||
|---|---|---|---|
| 001 | WB2738-38 | ||
| 008 | 090401t1991 xxu||||| |||| 00| 0 eng d | ||
| 035 | _a(Sirsi) u1699 | ||
| 041 | _aeng | ||
| 245 | _aGreen Belt prised open | ||
| 260 | _c1991 | ||
| 350 | _a0 | ||
| 490 |
_aPlanning (for the Natural and Built Environment) _v(937) 27 September 1991, 20(1) |
||
| 520 | _aWhitehall has made a number of changes to its advice on sports and recreation planning with the issue of the final version of the planning policy guidance on the topic. The new guidance includes specific advice on golf and water sports, stresses the importance of community forest initiatives, essentially puts a block on building over school playing fields and concedes that there may be a case for locating major football stadia in the Green Belt. | ||
| 650 | _aCOMMUNITY FORESTS | ||
| 650 | _aFOOTBALL STADIA | ||
| 650 | _aGREEN BELT | ||
| 650 | _aPLANNING CONTROL | ||
| 650 | _aPPG17 | ||
| 650 | _aSCHOOL PLAYING FIELDS | ||
| 650 | _aSPORTS | ||
| 650 | _aWATER SPORTS | ||
| 690 | _aLEISURE AND RECREATION | ||
| 942 | _n0 | ||
| 948 | _c04/03/1997 | ||
| 999 |
_c971 _d971 |
||